[Event "Petroupoli op 3rd"]
[Site "Petroupoli"]
[Date "2012.03.24"]
[Round "5"]
[White "Nteves, Stamatios"]
[Black "Katopodis, Dimitrios"]
[Result "1-0"]
[WhiteElo "1572"]
[BlackElo "1485"]
[PlyCount "59"]
[EventDate "2012.03.10"]
[EventType "swiss"]
[EventRounds "7"]
[EventCountry "GRE"]
[SourceTitle "CBM 147 Extra"]
[Source "ChessBase"]
[SourceDate "2012.04.24"]
[SourceVersion "1"]
[SourceVersionDate "2012.04.24"]
[SourceQuality "1"]

1. e4 e5 2. Nc3 Nf6 3. Bc4 Bc5 4. d3 d6 5. Na4 Bb6 6. Nxb6 axb6 7. f4 Nc6 8. Nf3 0-0 9. f5 h6 10. a3 Re8 11. 0-0 d5 12. exd5 Nxd5 13. Ne1 Nd4 14. Bxd5 Qxd5 15. f6 Re6 16. Bxh6 gxh6 17. Qg4+ Kf8 18. Qg7+ Ke8 19. Qg8+ Kd7 20. Qxf7+ Kc6 21. Qg8 Qd6 22. f7 Rg6 23. Qe8+ Qd7 24. f8Q Re6 25. Qxd7+ Kxd7 26. Nf3 Nxc2 27. Rac1 Ne3 28. Nxe5+ Rxe5 29. Rf7+ Re7 30. Qxe7# 1-0

[Event "Petroupoli ASOP Dias op 2nd"]
[Site "Petroupoli"]
[Date "2012.02.29"]
[Round "6.1"]
[White "Vlassopoulos, Nikos"]
[Black "Nteves, Stamatios"]
[Result "0-1"]
[WhiteElo "1450"]
[BlackElo "1572"]
[PlyCount "42"]
[EventDate "2012.02.11"]
[EventType "swiss"]
[EventRounds "7"]
[EventCountry "GRE"]
[SourceTitle "EXT 2024"]
[Source "ChessBase"]
[SourceDate "2023.10.10"]
[SourceVersion "1"]
[SourceVersionDate "2023.10.10"]
[SourceQuality "1"]

1. e4 e6 2. d4 d5 3. e5 c5 4. c3 Qb6 5. Nf3 Nc6 6. a3 Nge7 7. b4 cxd4 8. cxd4 Nf5 9. Bb2 Be7 10. Bd3 Bd7 11. Bc2 Rc8 12. 0-0 a5 13. Nc3 axb4 14. Na4 Qd8 15. axb4 Nxb4 16. Bb3 0-0 17. Qd2 Bb5 18. Rfc1 Nd3 19. Rxc8 Qxc8 20. Nc3 Bb4 21. Ne1 Nxb2 0-1

[Event "Petroupoli ASOP Dias op 2nd"]
[Site "Petroupoli"]
[Date "2012.02.15"]
[Round "2.1"]
[White "Stavropoulos, Konstantinos"]
[Black "Nteves, Stamatios"]
[Result "1-0"]
[WhiteElo "1400"]
[BlackElo "1572"]
[PlyCount "49"]
[EventDate "2012.02.11"]
[EventType "swiss"]
[EventRounds "7"]
[EventCountry "GRE"]
[SourceTitle "EXT 2024"]
[Source "ChessBase"]
[SourceDate "2023.10.10"]
[SourceVersion "1"]
[SourceVersionDate "2023.10.10"]
[SourceQuality "1"]

1. e4 e6 2. d4 d5 3. Nd2 Nf6 4. e5 Nfd7 5. f4 c5 6. c3 Qb6 7. Ngf3 Nc6 8. Nb3 cxd4 9. cxd4 Bb4+ 10. Bd2 0-0 11. Bd3 f6 12. 0-0 fxe5 13. fxe5 Ndxe5 14. Nxe5 Rxf1+ 15. Kxf1 Nxe5 16. dxe5 Bd7 17. Bxb4 Qxb4 18. Kg1 Qb6+ 19. Kh1 Rf8 20. Qc2 Rf2 21. Qc3 Bb5 22. Rc1 Bxd3 23. Qxd3 Rxb2 24. Rc8+ Kf7 25. Qxh7 1-0

[Event "Fyli op 3rd"]
[Site "Fyli"]
[Date "2011.09.30"]
[Round "3"]
[White "Nteves, Stamatios"]
[Black "Kouliouras, Ioannis"]
[Result "0-1"]
[WhiteElo "1601"]
[BlackElo "1665"]
[PlyCount "43"]
[EventDate "2011.09.16"]
[EventType "swiss"]
[EventRounds "7"]
[EventCountry "GRE"]
[SourceTitle "EXT 2013"]
[Source "ChessBase"]
[SourceDate "2012.11.22"]
[SourceVersion "1"]
[SourceVersionDate "2012.11.22"]
[SourceQuality "1"]

1. e4 a6 2. d4 b5 3. Bd3 Bb7 4. Ne2 Nf6 5. f3 e6 6. Bg5 c5 7. dxc5 Bxc5 8. e5 h6 9. Bh4 g5 10. Bf2 Bxf2+ 11. Kxf2 Qb6+ 12. Ke1 Nd5 13. Nec3 Nf4 14. Qd2 Nc6 15. Ne4 Nxe5 16. Nbc3 Ke7 17. Rd1 f5 18. Ng3 Bxf3 19. Bf1 Bxd1 20. Kxd1 Ng4 21. Ke1 Rac8 22. Nce2 0-1

[Event "Fyli op 3rd"]
[Site "Fyli"]
[Date "2011.09.16"]
[Round "1"]
[White "Nteves, Stamatios"]
[Black "Giannopoulos, Antonios"]
[Result "0-1"]
[WhiteElo "1601"]
[BlackElo "1882"]
[PlyCount "68"]
[EventDate "2011.09.16"]
[EventType "swiss"]
[EventRounds "7"]
[EventCountry "GRE"]
[SourceTitle "EXT 2013"]
[Source "ChessBase"]
[SourceDate "2012.11.22"]
[SourceVersion "1"]
[SourceVersionDate "2012.11.22"]
[SourceQuality "1"]

1. e4 e6 2. b3 d5 3. e5 c5 4. d4 cxd4 5. Nf3 Nc6 6. Nxd4 Nxe5 7. Bb2 Qa5+ 8. Nd2 Ba3 9. Qc1 Bxb2 10. Qxb2 f6 11. Bb5+ Kf7 12. 0-0 Qxd2 13. Rad1 Qf4 14. Qc3 Ne7 15. g3 Qh6 16. Qc7 a6 17. Be2 Bd7 18. f4 Rhc8 19. Qxb7 Rab8 20. Qa7 Ra8 21. Qb7 Rcb8 22. Qc7 Rc8 23. Qb7 Bc6 24. Nxc6 N5xc6 25. Rfe1 Rab8 26. Qd7 Nb4 27. Bg4 f5 28. Bxf5 Rc6 29. a3 Nxc2 30. Re2 Rbc8 31. Rxd5 Qf6 32. Rde5 Nd4 33. Qxd4 Nxf5 34. Rxf5 Qxf5 0-1

[Event "Petroupoli op 3rd"]
[Site "Petroupoli"]
[Date "2011.05.14"]
[Round "3"]
[White "Nteves, Stamatios"]
[Black "Darviris, Panagiotis"]
[Result "1-0"]
[WhiteElo "1637"]
[BlackElo "1435"]
[PlyCount "65"]
[EventDate "2011.05.07"]
[EventType "swiss"]
[EventRounds "7"]
[EventCountry "GRE"]
[SourceTitle "EXT 2012"]
[Source "ChessBase"]
[SourceDate "2011.11.24"]
[SourceVersion "1"]
[SourceVersionDate "2011.11.24"]
[SourceQuality "1"]

1. e4 d5 2. exd5 Nf6 3. Nc3 c6 4. d4 Bg4 5. Nf3 cxd5 6. Bf4 Nc6 7. Qd3 e6 8. Be2 Bf5 9. Qb5 Qb6 10. 0-0 Bb4 11. Qxb6 axb6 12. Nb5 0-0 13. c3 Be7 14. Bc7 Nd7 15. Ne5 Ncxe5 16. dxe5 Rfc8 17. Bd6 Bd8 18. f4 Nc5 19. Bxc5 bxc5 20. Nd6 Rc7 21. g4 Bc2 22. f5 Bg5 23. Bf3 b6 24. c4 Bd3 25. cxd5 exf5 26. Nxf5 Ra4 27. h4 Bxf5 28. gxf5 Bxh4 29. d6 Rca7 30. e6 fxe6 31. fxe6 Rf4 32. e7 Bxe7 33. dxe7 1-0